| 000 | 00562nam a22001937a 4500 | ||
|---|---|---|---|
| 003 | KOHA_MİRAKIL | ||
| 005 | 20251221115135.0 | ||
| 008 | 251221b tu ||||| |||| 00| 0 tur d | ||
| 020 | _a9786053995937 | ||
| 040 |
_aTR-AnABB _btur _cTR-AnABB |
||
| 041 | _atur | ||
| 082 |
_a303.38 _bERD 2022 |
||
| 100 | 1 | _aErdoğan, Emre, | |
| 245 | 1 | 0 | _aİnfodemi ve bilgi düzensizlikleri / |
| 260 |
_aİstanbul : _bİstanbul Bilgi Üniversitesi Yayınları, _c2022 |
||
| 300 |
_a263 sayfa ; _c24 cm |
||
| 650 | 0 | 4 | _aKitle iletişim araçları |
| 942 |
_2ddc _cBK |
||
| 999 |
_c9810 _d9810 |
||
| 900 | _bGizem YORULMAZ | ||